Sahabat bernama Sofya

Bibliographic Details
Main Author: Amy Suzani Mohd.Ainuddin
Format: Book
Published: Kuala Lumpur : Penerbit Orkit 1996
Subjects:

MARC

LEADER 00000cam a2200000 7i4500
001 0000006989
002 000007526
005 20000330.0
020 |a 9838911666 
090 0 0 |a JF   |b AMY 
100 0 |a Amy Suzani Mohd.Ainuddin 
245 0 0 |a Sahabat bernama Sofya   |c Amy Suzani Ainuddin 
260 |a Kuala Lumpur :   |b Penerbit Orkit 1996 
300 |a 52p. :   |b ill ;   |c 21cm. 
650 0 0 |a Children's stories, Malay 
999 |a 053212   |b BUKU   |c PINJAMAN   |e PERPUSTAKAAN KOMUNITI PETALING JAYA 
999 |a 054421   |b BUKU   |c PINJAMAN   |e PERPUSTAKAAN KOMUNITI CAW KOTA DAMANSARA 
999 |a 054422   |b BUKU   |c PINJAMAN   |e PERPUSTAKAAN KOMUNITI CAW KOTA DAMANSARA